[Event "Superfinal (women)"]
[Site "Moscow"]
[Date "2020.12.07"]
[Round "3.5"]
[White "Garifullina, Leya"]
[Black "Goryachkina, Aleksandra"]
[Result "1/2-1/2"]
[BlackElo "2593"]
[WhiteElo "2348"]
[LiveChessVersion "1.4.8"]

1. e4 c6 {[%clk 1:30:43]} 2. d4 {[%clk 1:31:16]} d5 {[%clk 1:31:03]} 3. Nc3
{[%clk 1:31:36]} dxe4 {[%clk 1:30:36]} 4. Nxe4 {[%clk 1:31:58]} Nf6
{[%clk 1:30:44]} 5. Nxf6+ {[%clk 1:32:16]} exf6 {[%clk 1:31:08]} 6. c3
{[%clk 1:32:35]} Bf5 {[%clk 1:30:02]} 7. Bd3 {[%clk 1:32:57]} Bxd3
{[%clk 1:24:31]} 8. Qxd3 {[%clk 1:33:15]} Bd6 {[%clk 1:24:16]} 9. Ne2
{[%clk 1:33:08]} O-O {[%clk 1:23:18]} 10. O-O {[%clk 1:32:56]} Qc7
{[%clk 1:20:50]} 11. h3 {[%clk 1:31:31]} Nd7 {[%clk 1:19:47]} 12. Be3
{[%clk 1:27:57]} Rfe8 {[%clk 1:17:50]} 13. c4 {[%clk 1:26:45]} Rad8
{[%clk 1:14:51]} 14. Qc2 {[%clk 1:25:14]} Nf8 {[%clk 1:12:59]} 15. c5
{[%clk 1:22:13]} Be7 {[%clk 1:05:59]} 16. b4 {[%clk 1:20:05]} Ne6
{[%clk 1:00:26]} 17. Rfd1 {[%clk 1:17:37]} Qc8 {[%clk 0:57:25]} 18. a4
{[%clk 1:04:18]} Nc7 {[%clk 0:56:50]} 19. Nc3 {[%clk 1:03:12]} Nd5
{[%clk 0:56:41]} 20. Nxd5 {[%clk 1:03:29]} Rxd5 {[%clk 0:57:06]} 21. b5
{[%clk 1:03:46]} f5 {[%clk 0:54:33]} 22. bxc6 {[%clk 1:01:30]} bxc6
{[%clk 0:53:16]} 23. a5 {[%clk 0:59:50]} Bf6 {[%clk 0:49:12]} 24. Qb3
{[%clk 0:55:21]} g5 {[%clk 0:45:41]} 25. f3 {[%clk 0:54:01]} Qd7 {[%clk 0:36:57]}
26. Ra4 {[%clk 0:44:55]} Qe6 {[%clk 0:34:51]} 27. Rd3 {[%clk 0:43:53]} f4
{[%clk 0:34:29]} 28. Bf2 {[%clk 0:43:54]} h5 {[%clk 0:34:14]} 29. Rb4
{[%clk 0:42:37]} Kg7 {[%clk 0:28:27]} 30. Rb7 {[%clk 0:40:18]} Re7
{[%clk 0:23:33]} 31. a6 {[%clk 0:39:29]} Qe2 {[%clk 0:23:11]} 32. Qb1
{[%clk 0:35:43]} Qe6 {[%clk 0:20:05]} 33. Rd1 {[%clk 0:34:22]} Qc8
{[%clk 0:13:33]} 34. Rxe7 {[%clk 0:32:56]} Bxe7 {[%clk 0:14:02]} 35. Qb7
{[%clk 0:33:14]} Qd7 {[%clk 0:08:23]} 36. Rb1 {[%clk 0:33:11]} Rxd4
{[%clk 0:03:22]} 37. Bxd4+ {[%clk 0:32:29]} Qxd4+ {[%clk 0:03:50]} 38. Kh1
{[%clk 0:32:49]} Bxc5 {[%clk 0:02:40]} 39. Qxc6 {[%clk 0:33:08]} g4
{[%clk 0:01:31]} 40. fxg4 {[%clk 1:03:24]} hxg4 {[%clk 0:31:46]} 41. Qc8
{[%clk 0:57:14]} g3 {[%clk 0:27:46]} 42. Qg4+ {[%clk 0:56:50]} Kh7
{[%clk 0:24:48]} 43. Qh5+ {[%clk 0:56:28]} Kg7 {[%clk 0:23:41]} 44. Rd1
{[%clk 0:55:06]} Qe3 {[%clk 0:22:18]} 45. Qg5+ {[%clk 0:52:32]} Kh7
{[%clk 0:22:34]} 46. Qd5 {[%clk 0:52:10]} Kg6 {[%clk 0:21:12]} 47. Qc4
{[%clk 0:50:07]} Kg7 {[%clk 0:20:33]} 48. Qf1 {[%clk 0:48:39]} Bd4
{[%clk 0:18:31]} 49. Rd3 {[%clk 0:46:12]} Qe5 {[%clk 0:18:15]} 50. Qd1
{[%clk 0:46:15]} Bf2 {[%clk 0:16:26]} 51. Rd5 {[%clk 0:44:47]} Qf6
{[%clk 0:11:57]} 52. Qg4+ {[%clk 0:44:08]} Kf8 {[%clk 0:12:19]} 53. Rd1
{[%clk 0:40:16]} Be3 {[%clk 0:12:01]} 54. Rb1 {[%clk 0:38:15]} Qd6
{[%clk 0:07:18]} 55. Qg5 {[%clk 0:36:22]} Bb6 {[%clk 0:04:53]} 56. Rc1
{[%clk 0:35:50]} Bd8 {[%clk 0:04:19]} 57. Qg4 {[%clk 0:34:50]} Bb6
{[%clk 0:03:43]} 58. Rd1 {[%clk 0:31:31]} Qe5 {[%clk 0:03:57]} 59. Rc1
{[%clk 0:30:22]} Qd6 {[%clk 0:04:23]} 60. h4 {[%clk 0:28:22]} Qe5
{[%clk 0:04:04]} 61. h5 {[%clk 0:27:54]} Qf6 {[%clk 0:03:40]} 62. Rc8+
{[%clk 0:26:20]} Bd8 {[%clk 0:03:42]} 63. Rc1 {[%clk 0:24:13]} f3
{[%clk 0:02:37]} 64. Rf1 {[%clk 0:21:49]} f2 {[%clk 0:00:41]} 65. Qxg3
{[%clk 0:21:48]} Bb6 {[%clk 0:01:11]} 66. Qg4 {[%clk 0:21:33]} Bd4
{[%clk 0:01:22]} 67. g3 {[%clk 0:21:23]} Qxa6 {[%clk 0:01:06]} 68. Kg2
{[%clk 0:21:46]} Qc6+ {[%clk 0:00:57]} 69. Qf3 {[%clk 0:22:10]} Qxf3+
{[%clk 0:00:47]} 70. Kxf3 {[%clk 0:22:31]} Kg7 {[%clk 0:01:06]} 71. Kg2
{[%clk 0:22:12]} Kh6 {[%clk 0:01:34]} 72. Rd1 {[%clk 0:22:34]} Bb6
{[%clk 0:01:11]} 73. g4 {[%clk 0:22:51]} f6 {[%clk 0:01:22]} 74. Rd5
{[%clk 0:23:05]} Kg7 {[%clk 0:01:12]} 75. Kf1 {[%clk 0:23:23]} Be3
{[%clk 0:01:30]} 76. Ke2 {[%clk 0:23:42]} Bb6 {[%clk 0:01:42]} 77. Rf5
{[%clk 0:23:46]} Bd4 {[%clk 0:01:58]} 78. Kd3 {[%clk 0:23:06]} Bb6
{[%clk 0:02:27]} 79. Kc4 {[%clk 0:22:52]} Be3 {[%clk 0:02:39]} 80. Rf3
{[%clk 0:22:04]} Bb6 {[%clk 0:03:07]} 81. Kd5 {[%clk 0:22:28]} Be3
{[%clk 0:03:08]} 82. Kc4 {[%clk 0:20:21]} Bb6 {[%clk 0:03:33]} 83. Rf5
{[%clk 0:20:02]} Be3 {[%clk 0:03:58]} 84. Kd3 {[%clk 0:20:30]} Bb6
{[%clk 0:04:21]} 85. Ke2 {[%clk 0:20:56]} Bd4 {[%clk 0:04:24]} 86. Rd5
{[%clk 0:16:40]} Bb6 {[%clk 0:04:52]} 87. Rf5 {[%clk 0:15:09]} Bd4
{[%clk 0:05:17]} 88. Rd5 {[%clk 0:15:32]} Bb6 {[%clk 0:05:42]} 89. Rf5
{[%clk 0:14:58]} 1/2-1/2

[Event "Superfinal (women)"]
[Site "Moscow"]
[Date "2020.12.07"]
[Round "3.6"]
[White "Galliamova, Alisa"]
[Black "Grigorieva, Yulia"]
[Result "1/2-1/2"]
[BlackElo "2290"]
[WhiteElo "2438"]
[LiveChessVersion "1.4.8"]

1. d4 {[%clk 1:30:56]} Nf6 {[%clk 1:30:52]} 2. Nf3 {[%clk 1:31:12]} e6
{[%clk 1:31:07]} 3. Bf4 {[%clk 1:31:19]} b6 {[%clk 1:26:18]} 4. e3
{[%clk 1:30:42]} Bb7 {[%clk 1:26:30]} 5. Bd3 {[%clk 1:29:21]} g6 {[%clk 1:25:07]}
6. Nbd2 {[%clk 1:24:17]} Bg7 {[%clk 1:22:52]} 7. e4 {[%clk 1:20:37]} d6
{[%clk 1:20:43]} 8. Bg5 {[%clk 1:14:32]} h6 {[%clk 1:17:32]} 9. Bh4
{[%clk 1:12:56]} g5 {[%clk 1:12:11]} 10. Bg3 {[%clk 1:13:16]} Nh5
{[%clk 1:11:16]} 11. c3 {[%clk 1:06:46]} Nd7 {[%clk 1:09:08]} 12. Qe2
{[%clk 1:04:20]} Ndf6 {[%clk 1:06:00]} 13. Bb5+ {[%clk 0:57:36]} c6
{[%clk 1:01:47]} 14. Ba4 {[%clk 0:54:48]} Nxg3 {[%clk 0:49:12]} 15. hxg3
{[%clk 0:54:53]} b5 {[%clk 0:45:17]} 16. Bc2 {[%clk 0:52:37]} Nd7
{[%clk 0:44:56]} 17. Nh2 {[%clk 0:43:56]} Qe7 {[%clk 0:36:57]} 18. Nhf1
{[%clk 0:38:21]} a6 {[%clk 0:33:12]} 19. a4 {[%clk 0:35:08]} b4 {[%clk 0:29:57]}
20. Nb3 {[%clk 0:27:37]} a5 {[%clk 0:28:03]} 21. cxb4 {[%clk 0:23:11]} axb4
{[%clk 0:28:03]} 22. a5 {[%clk 0:23:02]} Ba6 {[%clk 0:24:01]} 23. Bd3
{[%clk 0:22:36]} Bxd3 {[%clk 0:23:26]} 24. Qxd3 {[%clk 0:23:03]} c5
{[%clk 0:22:24]} 25. dxc5 {[%clk 0:20:28]} dxc5 {[%clk 0:21:18]} 26. Qe2
{[%clk 0:16:19]} O-O {[%clk 0:09:14]} 27. Ne3 {[%clk 0:16:07]} Ne5
{[%clk 0:08:49]} 28. f4 {[%clk 0:13:02]} c4 {[%clk 0:04:37]} 29. Nxc4
{[%clk 0:06:59]} Nxc4 {[%clk 0:04:53]} 30. Qxc4 {[%clk 0:07:23]} Bxb2
{[%clk 0:05:03]} 31. Ra2 {[%clk 0:07:29]} Bc3+ {[%clk 0:03:06]} 32. Kf2
{[%clk 0:07:51]} Qf6 {[%clk 0:02:27]} 33. Qe2 {[%clk 0:03:41]} Rfd8
{[%clk 0:01:00]} 34. e5 {[%clk 0:03:03]} Qg6 {[%clk 0:00:51]} 35. a6
{[%clk 0:02:16]} gxf4 {[%clk 0:00:41]} 36. gxf4 {[%clk 0:02:30]} Rd3
{[%clk 0:00:42]} 37. Rh3 {[%clk 0:02:02]} Rxh3 {[%clk 0:00:54]} 38. gxh3
{[%clk 0:02:28]} Qb1 {[%clk 0:01:11]} 39. Qc2 {[%clk 0:01:30]} Qxc2+
{[%clk 0:00:53]} 40. Rxc2 {[%clk 0:31:55]} Rxa6 {[%clk 0:31:12]} 41. Nc1
{[%clk 0:28:37]} Rc6 {[%clk 0:22:19]} 42. Kf3 {[%clk 0:26:25]} Rc7
{[%clk 0:21:03]} 43. Rg2+ {[%clk 0:19:28]} Kf8 {[%clk 0:20:19]} 44. Rg1
{[%clk 0:16:55]} Bd4 {[%clk 0:14:49]} 45. Rd1 {[%clk 0:16:53]} Rc3+
{[%clk 0:11:43]} 46. Ke4 {[%clk 0:11:13]} Bc5 {[%clk 0:09:18]} 47. Nd3
{[%clk 0:11:31]} Rc4+ {[%clk 0:08:59]} 48. Kf3 {[%clk 0:11:54]} Be7
{[%clk 0:08:55]} 49. Rb1 {[%clk 0:08:13]} h5 {[%clk 0:09:00]} 50. Ra1
{[%clk 0:05:18]} Rc8 {[%clk 0:04:08]} 51. Rb1 {[%clk 0:04:34]} Rc4
{[%clk 0:04:29]} 52. Ra1 {[%clk 0:04:36]} Rc3 {[%clk 0:03:25]} 53. Ra8+
{[%clk 0:03:23]} Kg7 {[%clk 0:03:50]} 54. Ke4 {[%clk 0:03:18]} Rc2
{[%clk 0:03:01]} 55. Rb8 {[%clk 0:02:11]} Rh2 {[%clk 0:02:51]} 56. f5
{[%clk 0:01:13]} exf5+ {[%clk 0:02:12]} 57. Kxf5 {[%clk 0:01:39]} Rxh3
{[%clk 0:01:48]} 58. Nf4 {[%clk 0:00:44]} Rf3 {[%clk 0:00:54]} 59. Rb7
{[%clk 0:00:34]} Bf8 {[%clk 0:00:39]} 60. Ke4 {[%clk 0:00:51]} Rf1
{[%clk 0:00:43]} 61. Nxh5+ {[%clk 0:00:43]} Kh6 {[%clk 0:00:36]} 1/2-1/2

[Event "Superfinal (women)"]
[Site "Moscow"]
[Date "2020.12.08"]
[Round "4.1"]
[White "Kosteniuk, Alexandra"]
[Black "Grigorieva, Yulia"]
[Result "1-0"]
[BlackElo "2290"]
[WhiteElo "2471"]
[LiveChessVersion "1.4.8"]

1. e4 {[%clk 1:30:56]} e5 {[%clk 1:30:55]} 2. Nf3 {[%clk 1:31:21]} Nc6
{[%clk 1:31:19]} 3. Bb5 {[%clk 1:31:46]} a6 {[%clk 1:31:44]} 4. Ba4
{[%clk 1:32:11]} Nf6 {[%clk 1:32:06]} 5. d3 {[%clk 1:32:24]} b5 {[%clk 1:29:00]}
6. Bb3 {[%clk 1:32:47]} Bc5 {[%clk 1:28:32]} 7. Nc3 {[%clk 1:33:02]} h6
{[%clk 1:21:09]} 8. Nd5 {[%clk 1:32:05]} d6 {[%clk 1:19:09]} 9. c3
{[%clk 1:32:12]} Ba7 {[%clk 1:15:30]} 10. a4 {[%clk 1:30:51]} Be6
{[%clk 1:10:50]} 11. O-O {[%clk 1:28:36]} O-O {[%clk 1:09:32]} 12. Be3
{[%clk 1:23:48]} Nd7 {[%clk 1:00:01]} 13. axb5 {[%clk 1:20:35]} axb5
{[%clk 0:59:47]} 14. d4 {[%clk 1:20:15]} Bg4 {[%clk 0:53:05]} 15. Qd3
{[%clk 1:17:55]} Bxf3 {[%clk 0:45:26]} 16. gxf3 {[%clk 1:18:20]} Rb8
{[%clk 0:41:55]} 17. Kh1 {[%clk 1:16:44]} Kh8 {[%clk 0:36:42]} 18. Rg1
{[%clk 1:12:25]} Qh4 {[%clk 0:34:36]} 19. Rg3 {[%clk 1:07:43]} f5
{[%clk 0:26:13]} 20. exf5 {[%clk 1:07:38]} exd4 {[%clk 0:25:13]} 21. f6
{[%clk 1:04:19]} g5 {[%clk 0:15:34]} 22. Qf5 {[%clk 0:58:24]} dxe3
{[%clk 0:10:46]} 23. Qxd7 {[%clk 0:57:55]} Rg8 {[%clk 0:11:05]} 24. Bc2
{[%clk 0:58:17]} 1-0

[Event "Superfinal (women)"]
[Site "Moscow"]
[Date "2020.12.08"]
[Round "4.2"]
[White "Goryachkina, Aleksandra"]
[Black "Galliamova, Alisa"]
[Result "1-0"]
[BlackElo "2438"]
[WhiteElo "2593"]
[LiveChessVersion "1.4.8"]

1. c4 {[%clk 1:30:53]} e5 {[%clk 1:30:42]} 2. Nc3 {[%clk 1:31:11]} Nc6
{[%clk 1:30:56]} 3. Nf3 {[%clk 1:30:23]} f5 {[%clk 1:28:39]} 4. g3
{[%clk 1:27:55]} Nf6 {[%clk 1:26:58]} 5. d4 {[%clk 1:27:20]} e4 {[%clk 1:24:44]}
6. Nh4 {[%clk 1:25:18]} d5 {[%clk 1:18:35]} 7. Bg5 {[%clk 1:17:03]} Be7
{[%clk 1:10:12]} 8. e3 {[%clk 1:14:24]} O-O {[%clk 1:02:43]} 9. Bxf6
{[%clk 1:07:13]} Bxf6 {[%clk 1:03:03]} 10. cxd5 {[%clk 1:06:28]} Ne7
{[%clk 1:01:22]} 11. Ng2 {[%clk 0:52:20]} Nxd5 {[%clk 0:59:32]} 12. Bc4
{[%clk 0:50:50]} Be6 {[%clk 0:58:45]} 13. Nxd5 {[%clk 0:49:48]} Bxd5
{[%clk 0:59:00]} 14. Qb3 {[%clk 0:50:06]} Bxc4 {[%clk 0:57:35]} 15. Qxc4+
{[%clk 0:50:34]} Kh8 {[%clk 0:57:58]} 16. Nf4 {[%clk 0:50:36]} Qd6
{[%clk 0:53:42]} 17. h4 {[%clk 0:49:44]} c6 {[%clk 0:49:36]} 18. h5
{[%clk 0:45:48]} Bg5 {[%clk 0:30:35]} 19. Ne6 {[%clk 0:44:23]} Bxe3
{[%clk 0:10:28]} 20. Nxf8 {[%clk 0:42:56]} Bh6 {[%clk 0:10:01]} 21. Ne6
{[%clk 0:38:27]} b5 {[%clk 0:07:13]} 22. Qb3 {[%clk 0:38:08]} Re8
{[%clk 0:06:39]} 23. Nf4 {[%clk 0:30:16]} e3 {[%clk 0:05:38]} 24. fxe3
{[%clk 0:29:12]} Bxf4 {[%clk 0:04:15]} 25. gxf4 {[%clk 0:29:28]} Qxf4
{[%clk 0:03:40]} 26. Ke2 {[%clk 0:26:48]} c5 {[%clk 0:01:35]} 27. dxc5
{[%clk 0:25:31]} Qg4+ {[%clk 0:01:29]} 28. Kf2 {[%clk 0:25:37]} f4
{[%clk 0:01:37]} 29. e4 {[%clk 0:24:33]} f3 {[%clk 0:00:46]} 30. Qxf3
{[%clk 0:23:42]} Qg5 {[%clk 0:01:04]} 31. b4 {[%clk 0:20:06]} Qd2+
{[%clk 0:00:40]} 32. Kg3 {[%clk 0:20:27]} h6 {[%clk 0:00:43]} 33. Rhd1
{[%clk 0:19:40]} Qg5+ {[%clk 0:00:45]} 34. Kh3 {[%clk 0:19:32]} Qe5
{[%clk 0:00:41]} 35. Rac1 {[%clk 0:18:36]} Qe6+ {[%clk 0:00:52]} 36. Qg4
{[%clk 0:18:47]} Qxa2 {[%clk 0:01:08]} 37. c6 {[%clk 0:18:23]} Qb3+
{[%clk 0:01:28]} 38. Kg2 {[%clk 0:18:24]} 1-0

[Event "Superfinal (women)"]
[Site "Moscow"]
[Date "2020.12.08"]
[Round "4.3"]
[White "Girya, Olga"]
[Black "Garifullina, Leya"]
[Result "1/2-1/2"]
[BlackElo "2348"]
[WhiteElo "2464"]
[LiveChessVersion "1.4.8"]

1. d4 {[%clk 1:30:56]} Nf6 {[%clk 1:30:52]} 2. c4 {[%clk 1:31:20]} e6
{[%clk 1:31:17]} 3. Nf3 {[%clk 1:31:44]} b6 {[%clk 1:31:40]} 4. g3
{[%clk 1:32:07]} Bb7 {[%clk 1:32:04]} 5. Bg2 {[%clk 1:32:22]} Bb4+
{[%clk 1:32:27]} 6. Bd2 {[%clk 1:32:21]} Be7 {[%clk 1:32:50]} 7. Nc3
{[%clk 1:32:30]} c6 {[%clk 1:33:13]} 8. O-O {[%clk 1:32:37]} O-O {[%clk 1:33:36]}
9. Qb3 {[%clk 1:32:35]} d5 {[%clk 1:33:05]} 10. Bf4 {[%clk 1:32:33]} Nbd7
{[%clk 1:31:28]} 11. cxd5 {[%clk 1:31:46]} Nxd5 {[%clk 1:27:53]} 12. Nxd5
{[%clk 1:31:26]} cxd5 {[%clk 1:28:16]} 13. Rfc1 {[%clk 1:29:33]} Nf6
{[%clk 1:21:13]} 14. Bc7 {[%clk 1:08:20]} Qe8 {[%clk 1:21:04]} 15. a4
{[%clk 1:01:48]} Ba6 {[%clk 1:19:22]} 16. Qd1 {[%clk 0:56:31]} Ne4
{[%clk 1:14:00]} 17. Ne5 {[%clk 0:50:23]} f6 {[%clk 1:10:22]} 18. Nc6
{[%clk 0:47:51]} Bb7 {[%clk 1:05:41]} 19. Nxe7+ {[%clk 0:46:56]} Qxe7
{[%clk 1:06:07]} 20. a5 {[%clk 0:43:16]} bxa5 {[%clk 1:04:28]} 21. Bxa5
{[%clk 0:41:57]} Rfc8 {[%clk 1:04:27]} 22. Qa4 {[%clk 0:41:44]} Rxc1+
{[%clk 0:56:17]} 23. Rxc1 {[%clk 0:42:12]} Rc8 {[%clk 0:56:37]} 24. Rxc8+
{[%clk 0:39:54]} Bxc8 {[%clk 0:57:05]} 25. f3 {[%clk 0:34:14]} Ng5
{[%clk 0:54:20]} 26. Bb4 {[%clk 0:33:05]} Qd7 {[%clk 0:54:40]} 27. Qa5
{[%clk 0:33:09]} h6 {[%clk 0:52:12]} 28. h4 {[%clk 0:23:48]} Nf7 {[%clk 0:52:19]}
29. Bc5 {[%clk 0:23:34]} a6 {[%clk 0:52:39]} 30. Bf1 {[%clk 0:19:32]} Nd6
{[%clk 0:51:15]} 31. e3 {[%clk 0:17:36]} Nb5 {[%clk 0:51:12]} 32. Kf2
{[%clk 0:16:01]} e5 {[%clk 0:47:30]} 33. Bd3 {[%clk 0:11:56]} Bb7
{[%clk 0:47:27]} 34. Bg6 {[%clk 0:11:09]} Nd6 {[%clk 0:42:42]} 35. Bb4
{[%clk 0:10:43]} Nb5 {[%clk 0:41:04]} 36. Qb6 {[%clk 0:10:17]} Bc8
{[%clk 0:37:37]} 37. Qc5 {[%clk 0:10:03]} Qd8 {[%clk 0:37:47]} 38. Ba5
{[%clk 0:08:59]} Qd7 {[%clk 0:36:25]} 39. Bb4 {[%clk 0:09:11]} Qd8
{[%clk 0:36:50]} 40. Ba5 {[%clk 0:38:54]} Qd7 {[%clk 1:07:17]} 41. g4
{[%clk 0:37:26]} Bb7 {[%clk 1:07:29]} 42. Bb4 {[%clk 0:32:14]} Qd8
{[%clk 1:07:45]} 43. h5 {[%clk 0:29:49]} Ba8 {[%clk 0:55:55]} 44. f4
{[%clk 0:26:40]} e4 {[%clk 0:55:10]} 45. Ba5 {[%clk 0:24:28]} Qf8
{[%clk 0:53:19]} 46. Qc2 {[%clk 0:18:06]} Bb7 {[%clk 0:52:43]} 47. Bf5
{[%clk 0:18:31]} Qd6 {[%clk 0:51:52]} 48. Qb3 {[%clk 0:17:04]} Kh8
{[%clk 0:50:53]} 49. Qb4 {[%clk 0:15:50]} Kg8 {[%clk 0:50:36]} 50. Ke1
{[%clk 0:15:33]} Kf7 {[%clk 0:43:14]} 51. Kd2 {[%clk 0:15:35]} Ke8
{[%clk 0:40:51]} 52. Bg6+ {[%clk 0:13:56]} Kd7 {[%clk 0:40:36]} 53. Qb3
{[%clk 0:13:30]} Qc6 {[%clk 0:40:15]} 54. Bb4 {[%clk 0:13:26]} Nd6
{[%clk 0:36:10]} 55. Bc5 {[%clk 0:13:33]} Kc7 {[%clk 0:35:13]} 56. Qc3
{[%clk 0:11:44]} Bc8 {[%clk 0:33:26]} 57. Qa5+ {[%clk 0:11:41]} Kb7
{[%clk 0:33:21]} 58. Qb4+ {[%clk 0:09:21]} Kc7 {[%clk 0:33:46]} 59. f5
{[%clk 0:07:44]} Nc4+ {[%clk 0:31:53]} 60. Ke2 {[%clk 0:08:13]} a5
{[%clk 0:31:56]} 61. Qb3 {[%clk 0:07:38]} Bd7 {[%clk 0:29:14]} 62. Kf2
{[%clk 0:07:08]} a4 {[%clk 0:29:23]} 63. Qb4 {[%clk 0:07:25]} Qb5
{[%clk 0:28:13]} 64. Qxb5 {[%clk 0:04:43]} Bxb5 {[%clk 0:28:41]} 65. Ba3
{[%clk 0:05:08]} Nxa3 {[%clk 0:28:48]} 66. bxa3 {[%clk 0:05:37]} Bc4
{[%clk 0:29:10]} 67. Be8 {[%clk 0:04:55]} Bb3 {[%clk 0:29:36]} 68. Bb5
{[%clk 0:03:17]} Kb6 {[%clk 0:29:59]} 69. Be2 {[%clk 0:03:42]} Ka5
{[%clk 0:30:17]} 70. Ke1 {[%clk 0:04:09]} Ba2 {[%clk 0:30:28]} 71. Kd2
{[%clk 0:04:31]} Bb3 {[%clk 0:30:45]} 72. Kc3 {[%clk 0:04:49]} Ba2
{[%clk 0:31:07]} 73. Kb2 {[%clk 0:02:55]} Bb3 {[%clk 0:31:21]} 74. Kc3
{[%clk 0:01:49]} 1/2-1/2

[Event "Superfinal (women)"]
[Site "Moscow"]
[Date "2020.12.08"]
[Round "4.4"]
[White "Guseva, Marina"]
[Black "Pogonina, Natalija"]
[Result "0-1"]
[BlackElo "2474"]
[WhiteElo "2359"]
[LiveChessVersion "1.4.8"]

1. d4 {[%clk 1:30:58]} Nf6 {[%clk 1:30:54]} 2. c4 {[%clk 1:31:21]} e6
{[%clk 1:31:19]} 3. Nf3 {[%clk 1:31:45]} d5 {[%clk 1:31:39]} 4. g3
{[%clk 1:32:11]} Bb4+ {[%clk 1:26:54]} 5. Nbd2 {[%clk 1:32:35]} O-O
{[%clk 1:24:18]} 6. Bg2 {[%clk 1:33:01]} b6 {[%clk 1:24:39]} 7. O-O
{[%clk 1:33:25]} Bb7 {[%clk 1:24:55]} 8. cxd5 {[%clk 1:33:50]} exd5
{[%clk 1:22:00]} 9. Ne5 {[%clk 1:34:14]} Re8 {[%clk 1:20:06]} 10. Ndf3
{[%clk 1:34:38]} Ne4 {[%clk 1:10:09]} 11. Bf4 {[%clk 1:33:37]} f6
{[%clk 1:08:44]} 12. Nd3 {[%clk 1:33:33]} Bf8 {[%clk 1:09:05]} 13. Rc1
{[%clk 1:24:57]} Na6 {[%clk 1:00:31]} 14. Re1 {[%clk 0:46:33]} c6
{[%clk 0:56:17]} 15. Qb3 {[%clk 0:42:31]} g5 {[%clk 0:49:28]} 16. Be3
{[%clk 0:42:27]} Qd7 {[%clk 0:40:09]} 17. Qa4 {[%clk 0:36:12]} Nc7
{[%clk 0:36:25]} 18. Nd2 {[%clk 0:34:10]} Nd6 {[%clk 0:33:11]} 19. Nf1
{[%clk 0:29:31]} a5 {[%clk 0:21:32]} 20. Qb3 {[%clk 0:21:21]} Nc4
{[%clk 0:19:32]} 21. Bd2 {[%clk 0:21:44]} Nb5 {[%clk 0:18:06]} 22. Bc3
{[%clk 0:21:36]} Nbd6 {[%clk 0:14:16]} 23. Nd2 {[%clk 0:19:20]} Qf7
{[%clk 0:13:23]} 24. Qc2 {[%clk 0:17:11]} Qg6 {[%clk 0:13:11]} 25. b3
{[%clk 0:13:53]} Na3 {[%clk 0:11:16]} 26. Qd1 {[%clk 0:14:18]} Nab5
{[%clk 0:11:11]} 27. Bb2 {[%clk 0:10:25]} Ne4 {[%clk 0:09:17]} 28. a4
{[%clk 0:10:13]} Nbd6 {[%clk 0:09:37]} 29. Nf1 {[%clk 0:10:00]} Nf7
{[%clk 0:09:19]} 30. f3 {[%clk 0:08:20]} Ned6 {[%clk 0:09:31]} 31. Nf2
{[%clk 0:08:21]} Rad8 {[%clk 0:08:43]} 32. e4 {[%clk 0:07:19]} dxe4
{[%clk 0:07:53]} 33. fxe4 {[%clk 0:07:41]} c5 {[%clk 0:08:02]} 34. d5
{[%clk 0:07:43]} Ba6 {[%clk 0:08:12]} 35. Qf3 {[%clk 0:06:47]} Ne5
{[%clk 0:08:07]} 36. Bxe5 {[%clk 0:06:59]} fxe5 {[%clk 0:08:13]} 37. Ne3
{[%clk 0:07:14]} h5 {[%clk 0:05:04]} 38. g4 {[%clk 0:03:15]} h4 {[%clk 0:05:29]}
39. Bf1 {[%clk 0:03:37]} Bc8 {[%clk 0:02:37]} 40. Nf5 {[%clk 0:33:51]} Bd7
{[%clk 0:31:51]} 41. Nd1 {[%clk 0:33:25]} Bxf5 {[%clk 0:21:04]} 42. gxf5
{[%clk 0:31:26]} g4 {[%clk 0:21:01]} 43. Qg2 {[%clk 0:26:19]} Qg5
{[%clk 0:19:36]} 44. Nf2 {[%clk 0:26:43]} g3 {[%clk 0:18:54]} 45. hxg3
{[%clk 0:25:45]} hxg3 {[%clk 0:12:44]} 46. Nh3 {[%clk 0:25:33]} Qh4
{[%clk 0:10:58]} 47. Rc3 {[%clk 0:25:50]} Bh6 {[%clk 0:10:18]} 48. Qxg3+
{[%clk 0:18:50]} Qxg3+ {[%clk 0:10:42]} 49. Rxg3+ {[%clk 0:19:18]} Kh7
{[%clk 0:08:15]} 50. Kf2 {[%clk 0:11:49]} Rg8 {[%clk 0:08:15]} 51. Rxg8
{[%clk 0:11:07]} Rxg8 {[%clk 0:08:38]} 52. Kf3 {[%clk 0:11:28]} Kg7
{[%clk 0:06:40]} 53. Nf2 {[%clk 0:11:44]} Kf7 {[%clk 0:06:45]} 54. Bh3
{[%clk 0:04:57]} Bf4 {[%clk 0:03:49]} 55. Bg4 {[%clk 0:05:13]} Kf6
{[%clk 0:04:12]} 56. Rh1 {[%clk 0:03:16]} Nf7 {[%clk 0:04:18]} 57. Nh3
{[%clk 0:02:56]} Bd2 {[%clk 0:02:28]} 58. Rd1 {[%clk 0:02:49]} Bc3
{[%clk 0:02:09]} 59. Bh5 {[%clk 0:02:47]} Nd6 {[%clk 0:02:08]} 60. Nf2
{[%clk 0:02:36]} Rh8 {[%clk 0:02:16]} 61. Bg6 {[%clk 0:01:43]} Bd4
{[%clk 0:02:22]} 62. Ng4+ {[%clk 0:01:59]} Kg5 {[%clk 0:02:30]} 63. Nf2
{[%clk 0:00:49]} Bxf2 {[%clk 0:02:35]} 64. Kxf2 {[%clk 0:01:17]} Nxe4+
{[%clk 0:02:39]} 65. Kg2 {[%clk 0:01:00]} Nd6 {[%clk 0:02:38]} 66. Rf1
{[%clk 0:00:41]} Rh4 {[%clk 0:01:27]} 67. Rd1 {[%clk 0:00:49]} Rd4
{[%clk 0:01:03]} 68. Rxd4 {[%clk 0:01:12]} cxd4 {[%clk 0:01:17]} 69. Kf3
{[%clk 0:01:24]} e4+ {[%clk 0:01:31]} 70. Ke2 {[%clk 0:01:44]} Nxf5
{[%clk 0:01:26]} 71. Bh7 {[%clk 0:01:27]} Kf4 {[%clk 0:01:34]} 72. Bg6
{[%clk 0:01:47]} 0-1

[Event "Superfinal (women)"]
[Site "Moscow"]
[Date "2020.12.08"]
[Round "4.5"]
[White "Kashlinskaya, Alina"]
[Black "Gunina, Valentina"]
[Result "0-1"]
[BlackElo "2451"]
[WhiteElo "2494"]
[LiveChessVersion "1.4.8"]

1. e4 {[%clk 1:30:57]} c6 {[%clk 1:30:47]} 2. Nf3 {[%clk 1:31:21]} d5
{[%clk 1:31:05]} 3. d3 {[%clk 1:31:44]} Bg4 {[%clk 1:27:19]} 4. h3
{[%clk 1:32:08]} Bxf3 {[%clk 1:22:39]} 5. Qxf3 {[%clk 1:32:15]} e6
{[%clk 1:23:05]} 6. g3 {[%clk 1:32:26]} Nd7 {[%clk 1:22:53]} 7. Bg2
{[%clk 1:32:37]} Bc5 {[%clk 1:22:46]} 8. O-O {[%clk 1:32:03]} Ne7
{[%clk 1:22:40]} 9. Rd1 {[%clk 1:21:11]} O-O {[%clk 1:22:22]} 10. d4
{[%clk 1:15:04]} Bb6 {[%clk 1:21:58]} 11. c3 {[%clk 1:15:03]} f5 {[%clk 1:20:52]}
12. e5 {[%clk 1:03:57]} Ng6 {[%clk 1:20:37]} 13. Bf4 {[%clk 0:42:39]} c5
{[%clk 1:16:33]} 14. Na3 {[%clk 0:38:27]} cxd4 {[%clk 1:16:10]} 15. cxd4
{[%clk 0:38:55]} Rc8 {[%clk 1:16:34]} 16. Rac1 {[%clk 0:37:18]} Qe7
{[%clk 1:10:08]} 17. Nb5 {[%clk 0:33:58]} Nxf4 {[%clk 1:06:52]} 18. Qxf4
{[%clk 0:34:12]} Rxc1 {[%clk 1:03:44]} 19. Rxc1 {[%clk 0:34:34]} Nb8
{[%clk 0:55:57]} 20. Nc3 {[%clk 0:29:28]} Nc6 {[%clk 0:53:27]} 21. Ne2
{[%clk 0:24:55]} g5 {[%clk 0:50:16]} 22. Qd2 {[%clk 0:24:39]} f4 {[%clk 0:50:36]}
23. gxf4 {[%clk 0:21:38]} gxf4 {[%clk 0:50:30]} 24. Qc3 {[%clk 0:15:44]} f3
{[%clk 0:48:25]} 25. Bxf3 {[%clk 0:16:10]} Qh4 {[%clk 0:48:52]} 26. Rd1
{[%clk 0:15:07]} Nxe5 {[%clk 0:47:24]} 27. Bg2 {[%clk 0:13:45]} Qxf2+
{[%clk 0:46:37]} 28. Kh1 {[%clk 0:14:12]} Qxe2 {[%clk 0:44:15]} 29. Re1
{[%clk 0:14:37]} Qf2 {[%clk 0:44:31]} 30. dxe5 {[%clk 0:14:52]} d4
{[%clk 0:39:17]} 31. Qc1 {[%clk 0:15:11]} d3 {[%clk 0:37:56]} 32. Rf1
{[%clk 0:13:43]} d2 {[%clk 0:36:09]} 33. Qd1 {[%clk 0:14:11]} Qd4
{[%clk 0:36:15]} 34. Rxf8+ {[%clk 0:13:59]} Kxf8 {[%clk 0:36:44]} 35. Qf3+
{[%clk 0:12:30]} Kg8 {[%clk 0:36:39]} 36. Qd1 {[%clk 0:12:10]} Qf2
{[%clk 0:33:58]} 37. Bf3 {[%clk 0:12:11]} Bd4 {[%clk 0:33:53]} 38. b3
{[%clk 0:10:42]} Kh8 {[%clk 0:33:55]} 39. Bg4 {[%clk 0:09:06]} a5
{[%clk 0:29:47]} 40. a4 {[%clk 0:36:58]} b6 {[%clk 1:00:07]} 41. Bh5
{[%clk 0:33:06]} Bxe5 {[%clk 0:58:17]} 42. Qg1 {[%clk 0:31:33]} Qe1
{[%clk 0:58:21]} 43. Kg2 {[%clk 0:30:37]} Qg3+ {[%clk 0:58:45]} 0-1